000 00257nam a22001097a 4500
999 _c4391
_d4391
008 250213b ||||| |||| 00| 0 eng d
020 _a9788119307098
082 _a930
245 _aANCIENT CIVILISATIONS
260 _aMUMBAI,INDIA
_bA WILCO BOOK
942 _2ddc